00769cam a2200193 a 450000500170000000800410001702000150005804100080007310000280008124500850010925000110019426000630020530000110026850001790027965300180045865300490047670000280052570000220055320240614095512.0100805s2004||||ag | |||| 00| 0 spa d a9871135459 aspa1 aCherjovsky, M. Roberto. aCurrículum en la especialidad cirugía torácica / cM. Roberto Cherjovsky. a1a ed. aBuenos Aires: bUniversidad Abierta Interamericana;c2004. a133 p. aCherjovsky, M., Arribalzaga, E. B. y Gómez, P. A. (2004). Currículum en la especialidad cirugía torácica. (1a ed.). Buenos Aires : Universidad Abierta Interamericana. aMetodología aDiseño y gestión de una carrera médica1 aArribalzaga, Eduardo B.1 aGómez, Pedro A.